000 00876nam a22002655i 4500
001 178015
003 ES-MaACL
005 20230906220452.0
008 110512s1964 sp f |||| | spa d
080 _a39(569.4)
080 _a94(569.4)
100 1 _aHoffman, Gail.
_9146500
245 1 0 _aIsrael
_b: pueblo y costumbres /
_cGail Hoffman ; [traducida por Ricardo Clará].
250 _a1ª ed.
260 _aBarcelona :
_bSayma,
_c1964.
300 _a184, [14] p. de lám. bl. y n. ;
_c18 cm.
490 1 _aPanoramas A-Z. La universidad en su mano ;
_v29
500 _aÍndice.
651 4 _aIsrael-
_xUsos y costumbres.
_9146501
651 4 _aIsrael-
_xHistoria.
_98858
700 0 _aClará Camprubí, Ricardo.
_938993
830 0 _aPanoramas A-Z. La universidad en su mano ;
_v29
_9190680
852 _aES-MaACL
_jE-15082
_xOlim P-269-bis
999 _c178015
_d178015